LEADER 01462nam a2200277 i 4500 001 000000222581 003 CaOOAMICUS 005 20130920000000.0 008 130920s2002 it u000 u ita u 013 $a201478 040 $aSeMil$bita 100 1 $aBernasconi, Francantonio.$0(OLS)http://semarc/name/24754 240 10$aInterventi di Dionigi Tettamanzi ; Conversazione radiofonica di Francantonio Bernasconi.$0(OLS)http://semarc/title/319091 245 10$a[Vite parallele :$bil Cardinal Dionigi Tettamanzi discepolo, collaboratore ed amico del Cardinale Giovanni Colombo]. 260 $aCaronno Pertusella :$b[s.n.],$c2002. 300 $a12 p. ;$c21 cm. 490 0 $aI quaderni colombiani ;$v8 600 14$aColombo, Giovanni .$0(OLS)http://semarc/subject/2631 600 14$aTettamanzi, Dionigi .$0(OLS)http://semarc/subject/12851 700 1 $aColombo, Giovanni,$c.$0(OLS)http://semarc/name/1549 830 2$aI quaderni colombiani ;$v8.$0(OLS)http://semarc/title/21284 850 $aSeMil 852 $aSeMil$W1$xVenegono$y1$m5B III 23/8$j172927$B172927$CSeMilBibl$Z2$F183249 $81 961 $aRecupero: Altro 996 $6245$a[Vite parallele :$bil Cardinal Dionigi Tettamanzi discepolo, collaboratore ed amico del Cardinale Giovanni Colombo]$9(OLS)http://semarc/title/319090 996 $6260$aCaronno Pertusella :$b[s.n.]$9(OLS)http://semarc/publisher/37886 LEADER 01268nam a2200265 i 4500 001 000000067268 003 CaOOAMICUS 005 20140226000000.0 008 140226s1982 xx u000 u eng u 013 $a38440 040 $aSeMil$bita 100 1 $aVan Roo, William A. .$0(OLS)http://semarc/name/1466 245 10$aBasics of a Roman Catholic Theology /$cWilliam A. Van Roo , S.J. 260 $aRome :$bGregorian University Press,$ccopyr. 1982. 300 $a387 p. ;$c24 cm. 490 0 $aAnalecta Gregoriana ;$vVol.226. Series Facultatis Theologiae. Sectio B, n. 75 490 0 $aAnalecta Gregoriana. Series Facultatis Theologiae. Sectio B ;$v75 500 $aContiene : Bibliography. 650 4$aTeologia.$0(OLS)http://semarc/subject/27 830 0$aAnalecta Gregoriana ;$vVol.226. Series Facultatis Theologiae. Sectio B, n. 75.$0(OLS)http://semarc/title/9 830 0$aAnalecta Gregoriana. Series Facultatis Theologiae. Sectio B ;$v75.$0(OLS)http://semarc/title/14379 850 $aSeMil 852 $aSeMil$W1$xVenegono$y1$m2N V 326$j33421$B33421$CSeMilBibl$Z2$F33424 $81 996 $6245$aBasics of a Roman Catholic Theology$9(OLS)http://semarc/title/107188 996 $6260$aRome :$bGregorian University Press$9(OLS)http://semarc/publisher/31905